000 00285nam a22001337a 4500
008 171016b xxu||||| |||| 00| 0 eng d
020 _a9780077660581
041 _aeng
080 _220TH
_a33
100 _a52
101 _aEKO
245 _aECONOMICS
_cCONNELL.C.R
942 _2udc
_cBK
999 _c34024
_d34024